MDQL
is popping MORE tags! Check the
thread
!
Quizzes
Events
Quiz Creation
Community
Videos
Private Events
Remove Ads
Sign In
Join for FREE
Feedback
Dark Mode
Quiz Categories
Sports
Geography
Music
Movies
Television
Just For Fun
Miscellaneous
History
Literature
Language
Science
Gaming
Entertainment
Religion
Holiday
For Kids
Quiz Lab
Recent
Popular Today
Quiz Kudos Today
Editor Picks
Curator Picks
Quizzes by...
Day
Popularity
Type
Ratings
Length
Year
Community
Subscriptions
Recent Discussions
Orange Saloon
Badges
Playlists
Quests
Create
Leaderboards
Showdown
Live 5
Trivia Bingo
Activity
Puzzle Library
Sporcle Events
Private Events
Virtual Trivia
Globe League
Become a Host
Pub Owners
SporcleCon
Opinionation
Our Games
Videos
Blog
Mobile Apps
Partnerships
Remove Ads and Go Orange
Feedback
Movies
Disney
Marvel Cinematic Universe
Movie Resume
Movie Titles
Oscar
Actor
Actress
Director
Pixar
Role
Movie Quotes
Movie Characters
Box Office
Nominee
Best Picture
Star Wars
James Bond
Horror Movies
Movies
Disney
Marvel Cinematic Universe
Movie Resume
Movie Titles
Oscar
Actor
Actress
Director
Pixar
Role
Movie Quotes
Movie Characters
Box Office
Nominee
Best Picture
Star Wars
James Bond
Horror Movies
Random Quiz
Search Sporcle
×
Quiz Lab
Quiz Lab
Movies
Worst
Type in answers that appear in a list
Type in answers that appear in a list
Classic
Best Score? Go Orange.
Worst Movies of 2010 Stats
Can you name the Worst Movies of 2010 ?
By
kyll
15m
30 Questions
152 Plays
152 Plays
152 Plays
Comments
Comments
Give Quiz Kudos
Give Quiz Kudos
-
- Ratings
hide this ad
More Info
Replay
Link that replays current quiz
Next Quiz
Link to next quiz in quiz playlist
You Got
0%
They Got
Avg Score
34%
Avg Friend Score
Upgrade to see
Score Distribution
Jump to the score distribution portion of the page
Score
0/30
Timer
15:00
0
Plays Today
Rotten Tomatoes Rating
Movies
% Correct
6%
The Last Airbender
62.5%
10%
Grown Ups
50%
10%
Little Fockers
47.4%
4%
Vampires Suck
42.1%
20%
The Tourist
41.4%
11%
Saw 3D
40.1%
7%
The Bounty Hunter
39.5%
13%
Yogi Bear
37.5%
17%
Valentine's Day
36.8%
16%
Sex and the City 2
35.5%
10%
Marmaduke
34.9%
13%
Jonah Hex
34.9%
13%
A Nightmare on Elm Street
33.6%
11%
Killers
32.9%
21%
Gulliver's Travels
32.9%
Rotten Tomatoes Rating
Movies
% Correct
19%
The Last Song
32.2%
13%
The Spy Next Door
31.6%
14%
Alpha and Omega
31.6%
12%
Cats & Dogs: The Revenge of Kitty Galore
30.9%
14%
Skyline
30.9%
17%
The Tooth Fairy
30.9%
19%
Cop Out
30.9%
18%
Legion
29.6%
16%
When in Rome
28.9%
18%
You Again
28.9%
20%
The Back-Up Plan
28.3%
21%
Leap Year
28.3%
8%
Furry Vengeance
27.6%
20%
Country Strong
22.4%
9%
My Soul to Take
20.4%
Quiz Playlist
Details
Report
Send in Message
Add To Playlist
More Info:
This is strictly according to its ratings on rotten tomatoes.
Classic:
Type in answers that appear in a list
Quiz Source
Last Updated: Feb 16, 2017
Quiz Scoreboard
CHALLENGE
Sign Up to Join the Scoreboard
Show All
Scores
Hide
Comments
May contain spoilers
Recently Published
1-10 Letter E Words III
by El_Dandy
Language
2m
Street Fighter Characters
by Artimus82
Gaming
60s
College Basketball Coaching Resumes
by pancakes188
Sports
9m
More to Explore
Quiz From the Vault
Featured Blog Post
Where Did the Easter Bunny Come From?
hide this ad
You Might Also Like...
Tags
2010
rotten
Rotten Tomatoes
Worst
Today's Top Quizzes in Movies
Browse Movies
hide this ad
Today's Top Quizzes in Worst
Browse Worst
Top Contributed Quizzes in Movies
1
Pick 5 Posters: Directed by Spielberg
2
7-to-1: Pixar Characters
3
Hidden Star Wars Character II
4
Hidden Star Wars Character III
5
Pick 5 Posters: Lowest-Rated Spielberg
6
Sorting Actresses
7
Sorting Actors
8
Hidden Star Wars Character IV
9
Hidden Star Wars Character V
10
Pick 5 Posters: Directed by Scorsese
Explore More
Trending Topics
Harry Potter
NBA
Kpop
Disney
Anime
Crossword
Marvel
Country
Soccer
Puzzle
WWE
The Office
Pokémon
NFL
Song
hide this ad
More By:
kyll
Quiz
Plays
Rating
Category
Featured
Created
Grammy Nominees (2013)
19,004
4.34
Music
Dec 7, 2013
Hannah Baker's 13 Reasons Why
9,226
4.57
Television
Apr 2, 2017
Early Oscar 2013 Predictions
1,750
4.08
Movies
Dec 6, 2012
Oscar 2011 predictions
863
3.71
Movies
Dec 10, 2010
Grammy Nominees (2014)
768
5.00
Music
Dec 6, 2014
Go to Creator's Profile
Score Distribution
Quiz Creator Spotlight
kyll
Follow
Send a Message
Quizzes Created
-
Created Quiz Play Count
-
More By This Creator
Popular Quizzes Today
1
Find the US States - No Outlines Minefield
2
Find the Countries of Europe - No Outlines Minefield
3
The Countries of the World
4
Find the US States
5
Risky Map Clicking: Biggest States A-Z
6
US States
7
Popular People in 1961
8
Movies - When Are They Set?
More Movies Quizzes
Twelve-Letter Words in Movie Titles
Published
Trending Quizzes
Risky Map Clicking: Least Populous States A-Z
Billboard Blitz: Aretha Franklin
1-10 Letter G Words
Countries of the World: 200 Million BC
1-10 Letter F Words
Recently Updated
Leaping Animals
pecheneg
Reality TV Shows (A-Z)
bhenderson79
Rickey Henderson's Hall of Fame Teammates
pecheneg
Champions League XIs: Arsenal
pecheneg
Quick Pick: Celebrities in WWE's Hall of Fame
aduchscher
A-Z Keypad Blitz II
pecheneg
Multiple Oscar Actors
pecheneg
Mystery Phrase Blitz: Oscar 'Best Actors'
pecheneg
F. Scott Fitzgerald Novels
LTH
Pick 3 Villains
ddd62291
Trending Topics
Crossword
NBA
Marvel
Disney
Kpop
Anime
Harry Potter
Soccer
Puzzle
NFL
Country
WWE
Song
The Office
Pokémon
Your Account Isn't Verified!
In order to create a playlist on Sporcle, you need to verify the email address you used during registration. Go to your
Sporcle Settings
to finish the process.
Report this User
Report this user for behavior that violates our
Community Guidelines
.
Details:
Send Report
Go to the Sporcle.com Mobile Site →
Comments